[Event "Paracin Winter op"]
[Site "Paracin"]
[Date "2018.02.03"]
[Round "7"]
[White "Milutinovic, Bojan"]
[Black "Milosavljevic, Delimir"]
[Result "1-0"]
[WhiteElo "1827"]
[BlackElo "1755"]
[PlyCount "119"]
[EventDate "2018.01.30"]
[EventType "swiss"]
[EventRounds "9"]
[EventCountry "SRB"]
[SourceTitle "CBM 182 Extra"]
[Source "ChessBase"]
[SourceDate "2018.02.23"]
[SourceVersion "1"]
[SourceVersionDate "2018.02.23"]
[SourceQuality "1"]

1. e4 e5 2. Nf3 Nc6 3. Bc4 Nf6 4. Ng5 d5 5. exd5 Na5 6. Bb5+ c6 7. dxc6 bxc6 8. Be2 h6 9. Nf3 e4 10. Ne5 Bd6 11. d4 exd3 12. Nxd3 0-0 13. b3 c5 14. Bb2 c4 15. Nc1 cxb3 16. axb3 Nc6 17. 0-0 Bf5 18. h3 Rc8 19. Nd3 Ne4 20. Nd2 Nxd2 21. Qxd2 Qh4 22. Ra4 Qe7 23. Bg4 Bxg4 24. Rxg4 f6 25. Qxh6 Rce8 26. Qg6 Qf7 27. Qxf7+ Rxf7 28. f4 Nb4 29. Re1 Rxe1+ 30. Nxe1 f5 31. Rh4 Re7 32. Be5 Bxe5 33. fxe5 Nd5 34. Nf3 Ne3 35. c4 Rb7 36. Nd4 Rd7 37. e6 Rd6 38. c5 Rd5 39. b4 Kf8 40. Kf2 Nd1+ 41. Kf3 g5 42. Rh8+ Ke7 43. Rh7+ Ke8 44. Nb5 Re5 45. Nd6+ Kd8 46. e7+ Rxe7 47. Rxe7 Kxe7 48. Nxf5+ Ke6 49. g4 Nc3 50. Nd6 Kd5 51. Nf7 Ne4 52. c6 Nd2+ 53. Ke2 Nc4 54. c7 Nb6 55. Nxg5 Kc6 56. h4 Kxc7 57. h5 Nd5 58. h6 Nf4+ 59. Kf3 Ng6 60. h7 1-0

[Event "Paracin Winter op"]
[Site "Paracin"]
[Date "2018.02.01"]
[Round "3"]
[White "Brankovan, Mario"]
[Black "Milosavljevic, Delimir"]
[Result "1-0"]
[WhiteElo "1918"]
[BlackElo "1755"]
[PlyCount "79"]
[EventDate "2018.01.30"]
[EventType "swiss"]
[EventRounds "9"]
[EventCountry "SRB"]
[SourceTitle "CBM 182 Extra"]
[Source "ChessBase"]
[SourceDate "2018.02.23"]
[SourceVersion "1"]
[SourceVersionDate "2018.02.23"]
[SourceQuality "1"]

1. d4 Nf6 2. Nf3 d6 3. Nbd2 g6 4. e4 Bg7 5. Be2 0-0 6. 0-0 Nbd7 7. c3 e5 8. Qc2 c6 9. Nc4 exd4 10. Nxd4 Nc5 11. f3 d5 12. exd5 Nxd5 13. Kh1 a5 14. Rd1 Qc7 15. Bf1 Bd7 16. Qf2 b5 17. Re1 Bxd4 18. cxd4 Ne6 19. Ne5 Be8 20. Bh6 Qd6 21. Bxf8 Kxf8 22. Qh4 Kg7 23. Ng4 h5 24. Nf2 f5 25. Nd3 Nf6 26. Nc5 Nxc5 27. dxc5 Qxc5 28. Re6 Ng8 29. Qe1 Bf7 30. Re5 Qd4 31. b3 Rd8 32. Rc1 Rd6 33. Re3 Bd5 34. Rd1 Qf4 35. Qc3+ Rf6 36. Rde1 Qc7 37. Bxb5 f4 38. Re5 Qd6 39. Bc4 Bxc4 40. bxc4 1-0

[Event "Paracin-ch"]
[Site "Paracin"]
[Date "2017.02.04"]
[Round "7"]
[White "Peycheva, Gergana"]
[Black "Milosavljevic, Delimir"]
[Result "1-0"]
[WhiteElo "2133"]
[BlackElo "1875"]
[PlyCount "67"]
[EventDate "2017.01.31"]
[EventType "swiss"]
[EventRounds "9"]
[EventCountry "SRB"]
[SourceTitle "CBM 176 Extra"]
[Source "ChessBase"]
[SourceDate "2017.03.02"]
[SourceVersion "1"]
[SourceVersionDate "2017.03.02"]
[SourceQuality "1"]

1. d4 Nf6 2. c4 g6 3. Nc3 Bg7 4. e4 d6 5. h3 0-0 6. Be3 Nbd7 7. Nf3 e5 8. d5 a5 9. Be2 Nb6 10. Nd2 Nfd7 11. g4 Nc5 12. Nb3 Nca4 13. Nxa4 Nxa4 14. Qd2 b6 15. 0-0-0 Bd7 16. h4 Nc5 17. Nxc5 bxc5 18. h5 f5 19. Bg5 Qe8 20. gxf5 gxf5 21. Rdg1 Kh8 22. Rg2 f4 23. Bf3 h6 24. Bh4 Rg8 25. Rhg1 Qf7 26. Rg6 Kh7 27. Bg4 Bxg4 28. R1xg4 Qd7 29. Qd1 Raf8 30. Re6 Rf7 31. Rgg6 f3 32. b3 a4 33. Qd2 axb3 34. Rxh6+ 1-0

[Event "Paracin-ch"]
[Site "Paracin"]
[Date "2016.01.24"]
[Round "9"]
[White "Milosavljevic, Delimir"]
[Black "Radosavljevic, Slobodan D"]
[Result "0-1"]
[WhiteElo "1841"]
[BlackElo "2186"]
[PlyCount "66"]
[EventDate "2016.01.19"]
[EventType "swiss"]
[EventRounds "9"]
[EventCountry "SRB"]
[SourceTitle "CBM 170 Extra"]
[Source "ChessBase"]
[SourceDate "2016.02.25"]
[SourceVersion "1"]
[SourceVersionDate "2016.02.25"]
[SourceQuality "1"]

1. c4 Nf6 2. Nf3 g6 3. g3 Bg7 4. Nc3 0-0 5. Bg2 d6 6. 0-0 c6 7. a3 e5 8. d3 a5 9. h3 Re8 10. Rb1 h6 11. e3 d5 12. cxd5 cxd5 13. Qa4 Bd7 14. Qc2 Nc6 15. Ne2 Rc8 16. Qd1 b5 17. b4 axb4 18. axb4 Bf8 19. Bd2 Qb6 20. d4 e4 21. Ne1 Ra8 22. Nc2 Rec8 23. f3 exf3 24. Rxf3 Ne4 25. Nf4 Ne7 26. Nd3 Ng5 27. Rf1 Nxh3+ 28. Bxh3 Bxh3 29. Rf2 h5 30. Nc5 Qd6 31. Ne1 Bg7 32. Qf3 Bf5 33. Ned3 Ra3 0-1

[Event "Paracin-ch"]
[Site "Paracin"]
[Date "2015.01.15"]
[Round "1"]
[White "Abramovic, Bosko"]
[Black "Milosavljevic, Delimir"]
[Result "1-0"]
[WhiteElo "2464"]
[BlackElo "1835"]
[PlyCount "47"]
[EventDate "2015.01.15"]
[EventType "swiss"]
[EventRounds "7"]
[EventCountry "SRB"]
[SourceTitle "CBM 164 Extra"]
[Source "ChessBase"]
[SourceDate "2015.03.02"]
[SourceVersion "1"]
[SourceVersionDate "2015.03.02"]
[SourceQuality "1"]

1. Nf3 Nf6 2. c4 g6 3. g3 Bg7 4. Bg2 0-0 5. 0-0 d6 6. Nc3 e5 7. d3 c6 8. Rb1 h6 9. h3 Be6 10. e4 Nbd7 11. Nh2 Nh5 12. Be3 a5 13. b3 Nc5 14. d4 exd4 15. Bxd4 Qe7 16. Bxg7 Nxg7 17. Qd2 Kh7 18. Rbd1 Ne8 19. f4 f5 20. Rfe1 Qg7 21. e5 dxe5 22. Rxe5 Nc7 23. Rxc5 Rad8 24. Qe3 1-0

[Event "SRB Central-ch op-B 6th"]
[Site "Paracin"]
[Date "2013.07.12"]
[Round "9"]
[White "Bozilov, Dragan"]
[Black "Milosavljevic, Delimir"]
[Result "0-1"]
[WhiteElo "1930"]
[BlackElo "1827"]
[PlyCount "51"]
[EventDate "2013.07.05"]
[EventType "swiss"]
[EventRounds "9"]
[EventCountry "SRB"]
[SourceTitle "CBM 155 Extra"]
[Source "ChessBase"]
[SourceDate "2013.08.26"]
[SourceVersion "1"]
[SourceVersionDate "2013.08.26"]
[SourceQuality "1"]

1. e4 e5 2. Nf3 Nc6 3. Bb5 a6 4. Ba4 Nf6 5. 0-0 Be7 6. Re1 b5 7. Bb3 0-0 8. c3 d5 9. exd5 Nxd5 10. Nxe5 Nxe5 11. Rxe5 c6 12. Bxd5 cxd5 13. d4 Bd6 14. Re1 Qh4 15. g3 Qh3 16. Qd3 Bg4 17. Be3 f5 18. f4 Rae8 19. Nd2 Re6 20. Qf1 Qh5 21. Qg2 Re4 22. Nxe4 fxe4 23. Qd2 Bf3 24. a4 g5 25. fxg5 Bxg3 26. Re2 0-1

[Event "SRB Central-ch op-B 6th"]
[Site "Paracin"]
[Date "2013.07.09"]
[Round "6"]
[White "Zajic, Milun"]
[Black "Milosavljevic, Delimir"]
[Result "1-0"]
[WhiteElo "1930"]
[BlackElo "1827"]
[PlyCount "79"]
[EventDate "2013.07.05"]
[EventType "swiss"]
[EventRounds "9"]
[EventCountry "SRB"]
[SourceTitle "CBM 155 Extra"]
[Source "ChessBase"]
[SourceDate "2013.08.26"]
[SourceVersion "1"]
[SourceVersionDate "2013.08.26"]
[SourceQuality "1"]

1. c4 Nf6 2. g3 d6 3. Bg2 g6 4. Nc3 c5 5. Nf3 Bg7 6. 0-0 0-0 7. a3 Nc6 8. d3 a6 9. Bd2 e6 10. e4 Rb8 11. Rb1 b5 12. cxb5 axb5 13. b4 Ba6 14. Ne1 Nd4 15. f4 Nd7 16. Ne2 Nb6 17. Be3 Nxe2+ 18. Qxe2 c4 19. d4 Bb7 20. g4 f5 21. gxf5 exf5 22. e5 Bxg2 23. Qxg2 dxe5 24. fxe5 f4 25. Bf2 Ra8 26. Ra1 Nd5 27. Nc2 f3 28. Qg4 Rf5 29. Bh4 Qf8 30. Bg3 Bh6 31. Rae1 Bd2 32. Ra1 f2+ 33. Rxf2 Ne3 34. Rxf5 Nxf5 35. Rf1 Kh8 36. Qe4 Re8 37. e6 h6 38. d5 Qe7 39. Rxf5 gxf5 40. Qd4+ 1-0

[Event "Paracin-ch"]
[Site "Paracin"]
[Date "2013.01.12"]
[Round "2"]
[White "Milosavljevic, Delimir"]
[Black "Cvetanovic, Uros"]
[Result "0-1"]
[WhiteElo "1830"]
[BlackElo "2238"]
[PlyCount "41"]
[EventDate "2013.01.11"]
[EventType "swiss"]
[EventRounds "9"]
[EventCountry "SRB"]
[SourceTitle "EXT 2019"]
[Source "ChessBase"]
[SourceDate "2018.10.10"]
[SourceVersion "1"]
[SourceVersionDate "2018.10.10"]
[SourceQuality "1"]

1. c4 Nf6 2. Nf3 e6 3. Nc3 Bb4 4. g3 b6 5. Bg2 Bb7 6. 0-0 0-0 7. d3 d5 8. Nd2 c5 9. a3 Bxc3 10. bxc3 Nc6 11. Rb1 Na5 12. Nb3 dxc4 13. Nxa5 Bxg2 14. Kxg2 Qd5+ 15. e4 Nxe4 16. dxe4 Qxe4+ 17. Qf3 Qxb1 18. Nxc4 Qb3 19. Qg4 b5 20. Bh6 Qxc3 21. Rc1 0-1

[Event "SRB Central-ch op-B 5th"]
[Site "Paracin"]
[Date "2012.07.11"]
[Round "7"]
[White "Zdravkovic, Dragan S"]
[Black "Milosavljevic, Delimir"]
[Result "0-1"]
[WhiteElo "1943"]
[BlackElo "1824"]
[PlyCount "96"]
[EventDate "2012.07.06"]
[EventType "swiss"]
[EventRounds "9"]
[EventCountry "SRB"]
[SourceTitle "CBM 149 Extra"]
[Source "ChessBase"]
[SourceDate "2012.08.24"]
[SourceVersion "1"]
[SourceVersionDate "2012.08.24"]
[SourceQuality "1"]

1. e4 e5 2. Nf3 Nc6 3. Bb5 Nf6 4. 0-0 Be7 5. Re1 d6 6. h3 a6 7. Ba4 b5 8. Bb3 0-0 9. c3 Na5 10. Bc2 c5 11. d3 h6 12. Nbd2 Bb7 13. Nf1 Re8 14. Ng3 Bf8 15. Be3 g6 16. Qd2 Kh7 17. Rad1 Nc6 18. Bb3 d5 19. Qc1 Na5 20. Bc2 d4 21. Bd2 Nc6 22. Nh2 Ng8 23. f4 exf4 24. Bxf4 Bg7 25. Bb3 Re7 26. Rf1 Na5 27. Qc2 Nxb3 28. Qxb3 Bc8 29. a4 Be6 30. Qa3 Rc8 31. Rfe1 dxc3 32. bxc3 b4 33. Qc1 Bxc3 34. Bd2 Bd4+ 35. Kh1 Bb3 36. Ng4 Bxd1 37. Rxd1 h5 38. Ne3 Be5 39. Ngf1 Qxd3 40. Bxb4 Qxe4 41. Bc3 Rce8 42. Bxe5 Qxe5 43. Rd5 Qf4 44. Rd3 Qxa4 45. Qxc5 Qb5 46. Qa3 Nf6 47. Kh2 Ne4 48. Rd8 Qe5+ 0-1